000 00482nmm a2200157Ia 4500
008 251105s9999||||xx |||||||||||||||||und||
020 _a9788416245703
041 _aspa
100 _aTorralba, Francesc
245 0 _aNo hay palabras :
_b Asumir la muerte de un hijo
264 _a[Madrid, España] :
_bAra Llibres,
_c[Fecha de publicación no identificada]
300 _a0 páginas
650 _aFamily
856 _uhttps://public.digitaliapublishing.com/a/162452
942 _cCF
999 _c77432
_d77432